00385nam a2200133 a 45000010010000000030011000100080041000210350026000620820016000881000021001042450053001252600056001786500017002340000-9046ELIB.Books110520 1959  a(ELIB.Books)0000-9195 a225.7 bMar aMartin, Ralph P. aTyndale (The Epistle of Paul to the Philippians) bGrand Rapids: Wm. B. Eerdmans Publishing Co. c1959 aCommentaries